000
00319nam a2200109Ia 4500
008
200302s9999 xx 000 0 und d
100
_a
Margaret Portillo
245
_a
Color planning for interiors an integrated approach to color in designed spaces
260
_b
John Willey and Sons Inc.
260
_c
2009
300
_a
212
999
_c
6748
_d
6748